ՀՀ Գիտությունների ազգային ակադեմիայի հիմնարար գիտական գրադարան  =   Fundamental Scientific Library of NAS RA

Чествование памяти А. С. Пушкина Императорскою Академией наук в сотую годовщину дня его рождения : (Record no. 267084)

MARC details
000 -LEADER
fixed length control field 00712nam a2200181 a 4500
001 - CONTROL NUMBER
control field 000722819
003 - CONTROL NUMBER IDENTIFIER
control field AM-YeHGA
005 - DATE AND TIME OF LATEST TRANSACTION
control field 20250618073733.0
008 - FIXED-LENGTH DATA ELEMENTS--GENERAL INFORMATION
fixed length control field 100322s1900 ||| r 000 0 rus d
040 ## - CATALOGING SOURCE
Original cataloging agency AM-YeHGA
041 0# - LANGUAGE CODE
Language code of text/sound track or separate title rus
090 ## - LOCALLY ASSIGNED LC-TYPE CALL NUMBER (OCLC); LOCAL CALL NUMBER (RLIN)
-- 268719
245 00 - TITLE STATEMENT
Title Чествование памяти А. С. Пушкина Императорскою Академией наук в сотую годовщину дня его рождения :
Remainder of title Май 1899.
260 ## - PUBLICATION, DISTRIBUTION, ETC.
Place of publication, distribution, etc. Санкт- Петербург :
Name of publisher, distributor, etc. Б. и.,
Date of publication, distribution, etc. 1900.
300 ## - PHYSICAL DESCRIPTION
Extent 110 с.
600 14 - SUBJECT ADDED ENTRY--PERSONAL NAME
Personal name Պուշկին, Ալեքսանդր Սերգեևիչ,
Dates associated with a name 1799-1837
9 (RLIN) 6684
653 0# - INDEX TERM--UNCONTROLLED
Uncontrolled term Русская литература - 19 в. - Юбилеи
Holdings
Withdrawn status Lost status Damaged status Not for loan Collection Home library Current library Date acquired Total checkouts Full call number Barcode Date last seen Price effective from Koha item type Public note
        General Fundamental Scientific Library Fundamental Scientific Library 29/12/2016   PII/544334 FL0149035 29/12/2016 29/12/2016 Գրքեր / Books ILL Non-Circ.


ՀՀ ԳԱԱ հիմնարար գիտական գրադարան
ՀՀ,Երևան 0019
Մարշալ Բաղրամյան 24/6
հեռախոս:(374-10) 52-47-50
Հետադարձ կապ

All site content, except where otherwise noted, is licensed under a
Creative Commons License